03705cam a22004337a 450000100090000000300040000900500170001300800410003001000170007101500190008801600180010702000420012502000390016702000420020602000390024803500240028704000710031104200140038204300120039605000210040808200170042924500660044624600490051226001260056130000260068749000300071350001660074350400510090950512630096052006480222365100310287165100370290265100210293970000220296070000270298271000530300977601830306283000260324516453240OSt20230704115819.0100910s2009 quc b 001 0 eng d a 2010502234 aGBA8B87842bnb7 a0147773682Uk a9780773534346 (hbk. : acidfree paper) a0773534342 (hbk. : acidfree paper) a9780773534384 (pbk. : acidfree paper) a0773534385 (pbk. : acidfree paper) a(OCoLC)ocn262719229 aUKMcUKMdCDXdBWXdSDBdIWAdMACdALAULdBTCTAdYDXCPdBAKERdDLC alccopycat an-cn---00aF1029b.A13 200904a353222bUNG00aForeign policy cedited by Robert Bothwell and Jean Daudelin.3 aOne hundred years of Canadian foreign policy aMontréal, Québec, Ithaca, NY :bMcGill-Queen's University Press ;aChesham :bCombined Academic [distributor],c2009. axii, 400 p. ;c23 cm.1 aCanada among nations 2008 a"Published for the Norman Paterson School of International Affaris, Carleton University, in cooperation with The Centre for International Governance Innovation." aIncludes bibliographical references and index.0 aForeign affairs a hundred years on / Robert Bothwell -- "A sad, general decline?": the Canadian diplomat in the 20th century / Greg Donaghy -- Managers, innovators and diplomats: Canada's foreign ministers / Gerald Wright -- Old wine, new bottles: Canadian economic multilateralism and the North Atlantic triangle, 1941-1947 / Kathleen Rasmussen -- The interplay of defence and foreign policy / Roger Sarty -- Canada's contribution to international law / William A. Schabas -- "And who is my neighbour?" Refugees, public opinion, and policy in Canada since 1900 / Julie Gilmour -- Foreign aid and Canadian purpose: influence and policy in Canada's international development assistance / Ian Smillie -- Tools and levers: energy as an instrument of Canadian foreign policy / Duane Bratt -- A special relationship? The importance of France in Canadian foreign policy / Justin Massie -- From King to Kandahar: Canada, multilateralism and conflict in the Pacific, 1909-2009 / John Meehan and David Webster -- Chinese shadows / Fred Edwards -- The transatlantic romance of the North Atlantic triangle: narratives of autonomy and empire in Canadian foreign relations / Cara Spittal -- And the beat goes on: "identity" and Canadian foreign policy / David G. Haglund. aThe editors take a critical look at the now almost mainstream "declinist" thesis and at the continued relevance of Canada's relationships with its principal allies - the United Kingdom, France, and the United States. Contributors discuss a broad range of themes, including the weight of a changing identity in the evolution of the country's foreign policy, the fate of Canadian diplomacy as a profession, the often complicated relationship between foreign and trade policies, the impact of immigration and refugee procedures on foreign policy, and the evolving understanding of development and defence as components of Canada's foreign policy. 0aCanadaxForeign relations. 0aCanadaxPolitics and government. 0aCanadaxHistory.1 aBothwell, Robert.1 aDaudelin, Jean,d1960-2 aNorman Paterson School of International Affairs.08iOnline version:t100 years of Canadian foreign policy.dMontréal, Québec : McGill-Queen's University Press ; Chesham : Combined Academic [distributor], 2009w(OCoLC)653377748 0aCanada among nations.